A Dios lo de Dios y al César lo del César (Registro nro. 164587)
[ vista simple ]
| 000 -LEADER | |
|---|---|
| campo de control de longitud fija | 00692nam a22001695i 4500 |
| 001 - NÚMERO DE CONTROL | |
| campo de control | 164587 |
| 003 - IDENTIFICADOR DE NÚMERO DE CONTROL | |
| campo de control | ES-MaACL |
| 005 - FECHA Y HORA DE LA ÚLTIMA TRANSACCIÓN | |
| campo de control | 20230906212950.0 |
| 008 - DATOS DE LONGITUD FIJA--INFORMACIÓN GENERAL | |
| campo de control de longitud fija | 931229s1869 sp |||| | spa d |
| 040 ## - FUENTE DE CATALOGACIÓN | |
| Centro catalogador/agencia de origen | CAT |
| Lengua de catalogación | spa |
| Centro/agencia transcriptor | CAT |
| Centro/agencia modificador | CCPB |
| 080 ## - NÚMERO DE LA CLASIFICACIÓN DECIMAL UNIVERSAL | |
| Número de la Clasificación Decimal Universal | 342 |
| 100 1# - ENTRADA PRINCIPAL--NOMBRE DE PERSONA | |
| Nombre de persona | Sánchez del Real, Andrés. |
| 9 (RLIN) | 133034 |
| 245 10 - MENCIÓN DEL TÍTULO | |
| Título | A Dios lo de Dios y al César lo del César |
| Resto del título | : folleto sobre la libertad de cultos / |
| Mención de responsabilidad, etc. | por Andrés Sánchez del Real. |
| 260 ## - PUBLICACIÓN, DISTRIBUCIÓN, ETC. | |
| Lugar de publicación, distribución, etc. | Barcelona : |
| Nombre del editor, distribuidor, etc. | Establecimiento Tipográfico-Editorial de Manero, |
| Fecha de publicación, distribución, etc. | 1869. |
| 300 ## - DESCRIPCIÓN FÍSICA | |
| Extensión | 99 p. ; |
| Dimensiones | 17 cm. |
| 852 ## - LOCALIZACIÓN | |
| Ubicación | ES-MaACL |
| Número de control de estantería | Fol-Laf-528 |
| Nota libre | -- Rust. |
| -- | -- Legado M. de la Fuente |
| Encuadernación | -- Edic.: En la cub. consta la serie: Biblioteca Revolucionaria, 5 |
| Estatus retirado | Estado de pérdida | Estado de daño | No para préstamo | Colección | Biblioteca de origen | Biblioteca actual | Ubicación en estantería | Fecha de adquisición | Fuente de adquisición | Total de préstamos | Signatura topográfica completa | Código de barras | Visto por última vez | Precio de reemplazo | Tipo de ítem Koha |
|---|---|---|---|---|---|---|---|---|---|---|---|---|---|---|---|
| Colección de folletos | Biblioteca del Ateneo de Madrid | Biblioteca del Ateneo de Madrid | Depósito folletos | 17/01/2008 | Fol-Laf-528 | 1172526 | 23/02/2023 | 23/02/2023 | Folleto |
